000 00435nam a2200181Ia 4500
001 16389
005 20260306170306.0
008 260306t2010||||xx |||||||||||||| ||und||
041 _aESP
082 _a348.55
_bM26
100 _aMartino, Antonio A.
_eAUT
245 0 _aLógica informática derecho y estado
260 _c2010
300 _a216 páginas :
_c22 cm.
650 _aGEN
654 _aCDE
942 _cLIB
_dJUS
_fJUS
_2ddc
_n
999 _c16389
_d16389